Autism : an integrated view from neurocognitive, clinical, and intervention research (Record no. 375906)

MARC details
000 -LEADER
fixed length control field 00915nam a2200277Ia 4500
008 - FIXED-LENGTH DATA ELEMENTS--GENERAL INFORMATION
fixed length control field 191130s2008##################000#0#eng##
020 ## - INTERNATIONAL STANDARD BOOK NUMBER
ISBN 9781405156967
082 ## - DEWEY DECIMAL CLASSIFICATION NUMBER
Classification number 616.85882 MCG
245 ## - TITLE STATEMENT
Title Autism : an integrated view from neurocognitive, clinical, and intervention research
Statement of responsibility, etc edited by Evelyn McGregor ... [et al.]
250 ## - EDITION STATEMENT
Edition statement 1st ed
260 ## - PUBLICATION, DISTRIBUTION, ETC. (IMPRINT)
Place of publication Malden, MA
Name of publisher Blackwell Publishing
Year of publication 2008
300 ## - PHYSICAL DESCRIPTION
Number of Pages x, 342 p. : ill. ; 24 cm
500 ## - GENERAL NOTE
General note Includes bibliographical references and index
650 ## - SUBJECT ADDED ENTRY--TOPICAL TERM
Topical Term Autism
Topical Term Autistic Disorder - diagnosis
Topical Term Autistic Disorder - psychology
Topical Term Autistic Disorder - rehabilitation
Topical Term Brain - physiopathology
Topical Term Models, Theoretical
700 ## - ADDED ENTRY--PERSONAL NAME
Personal name McGregor, Evelyn
991 ## -
-- 119503
Holdings
Withdrawn status Lost status Damaged status Not for loan Home library Current library Shelving location Date acquired Full call number Accession Number Price effective from Koha item type
        Anna Centenary Library Anna Centenary Library 5TH FLOOR, B WING 17.10.2020 616.85882 MCG 128473 17.10.2020 English Books

Find us on the map